| 000 | 01878nam0a2200385 4500 | ||
|---|---|---|---|
| 001 | RU\NLR\bibl\352923 | ||
| 005 | 20250621154221.0 | ||
| 021 |
_aRU _b2002-51315 _92482 |
||
| 035 | _a(NLR Aleph) 000347625 | ||
| 090 |
_a255796 _c255796 |
||
| 100 | _a20021219d2002 |||y0rusy50 ca | ||
| 101 | 0 | _arus | |
| 102 | _aRU | ||
| 105 | _aa ||||||||| | ||
| 200 | 1 |
_aОсновы теории комплексных чисел в примерах и задачах _eПособие по решению задач для студентов вузов _fАзовский В. В., Азовская Т. В., Томина Е. И. _gМ-во образования Рос. Федерации, Самар. гос. пед. ун-т |
|
| 210 |
_aСамара _cИзд-во СГПУ _d2002 |
||
| 215 |
_a64,[1] с. _cил. _d21 |
||
| 320 | _aБиблиогр.: с. 64 | ||
| 606 | 0 |
_aКомплексные числа _jРуководства, пособия и т.п. для высшей школы _xВычисление _91456286 _3RU\NLR\auth\66617485 |
|
| 606 | 0 |
_aКомплексные числа _jУчебные издания для высшей школы _xВычисление _91456286 _3RU\NLR\auth\66617485 |
|
| 610 | 0 | _aКомплексные числа - Вычисление | |
| 610 | 0 | _aЧисел теория - Задачи - Решение | |
| 675 |
_a511.147(075.8) _v3 _zrus |
||
| 686 |
_a27.15 _2rugasnti |
||
| 686 |
_a22.141я73 _2rubbk |
||
| 686 | _aВ151.51я73-41 | ||
| 700 | 1 |
_aАзовский _bВ. В. _gВладимир Викторович _4070 |
|
| 701 | 1 |
_aАзовская _bТ. В. _gТатьяна Владимировна _4070 |
|
| 701 | 1 |
_aТомина _bЕ. И. _gЕлена Ивановна _4070 |
|
| 801 | 0 |
_aRU _bRKP _c20021219 _gPSBO |
|
| 801 | 1 |
_aRU _bRKP _c20021219 |
|
| 801 | 2 |
_aRU _bNLR _c20030127 _grcr |
|
| 942 | _cBOOK | ||
| 980 | _aNB | ||